Urban Europe /

Bibliographic Details
Corporate Author: European Coordination Centre for Research and Documentation in Social Sciences
Other Authors: Berg, Leo van den
Format: Book
Language:English
Published: Oxford, England ; New York : Pergamon Press, 1982-
Edition:1st ed.
Subjects:

MARC

Tag First Indicator Second Indicator Subfields
LEADER 00000cam a2200000 a 4500
001 in00000099690
005 20150924160341.0
008 820520m19829999enka 00000 eng
010 |a  81081233  
015 |a GB*** 
020 |a 008023156X (v. 1) 
035 |a (OCoLC)08316638 
035 |9 AAL0308AM 
040 |a DLC  |c DLC  |d OCL  |d TXA  |d UtOrBLW 
043 |a ew----- 
049 |a TXAM  |v 1 [1482288] 
050 0 0 |a HT166  |b .U735 1982 
082 0 |a 307.7/64/094  |2 19 
245 0 0 |a Urban Europe /  |c by Leo van den Berg [and others] for the European Coordination Centre for Research and Documentation in Social Sciences. 
250 |a 1st ed. 
264 1 |a Oxford, England ;  |a New York :  |b Pergamon Press,  |c 1982- 
300 |a volumes :  |b illustrations ;  |c 24 cm. 
336 |a text  |b txt  |2 rdacontent 
337 |a unmediated  |b n  |2 rdamedia 
338 |a volume  |b nc  |2 rdacarrier 
505 1 |a v. 1. A study of growth and decline. 
650 0 |a City planning. 
650 0 |a Urban policy. 
650 0 |a Urban policy  |z Europe  |x Evaluation. 
700 1 |a Berg, Leo van den. 
710 2 |a European Coordination Centre for Research and Documentation in Social Sciences. 
999 |a MARS 
999 f f |s 5a8866b0-8d49-3847-be91-4c7b3d592886  |i e0386ff7-f1fc-393f-942d-b7d9b9c1c07d  |t 0 
952 f f |p ric  |a Texas A&M University  |b Rellis Campus  |c Joint Library Facility  |d Remote Storage  |t 0  |e HT166 .U735 1982  |h Library of Congress classification  |i unmediated -- volume  |k v.1  |m A14806045160 
998 f f |a HT166 .U735 1982  |s v.1  |t 0  |l Remote Storage